000 00534nam a2200205Ia 4500
005 20250923145249.0
008 008 250917s9999 xx 000 0 eng d
037 _aPeriodicals
040 _aDSWL
_beng
_cDSWL
041 _aeng
_2eng
084 _qDSWL
245 0 _aJournal of Rehabilitation in Asia
_cby Delhi School of Social Work
260 _aBombay
_bNimlabar Rehahilitation Transist
_c1973
300 _a202p.
365 _aINR
_b60
490 _vVol.14
925 _g60
942 _cCR
999 _c1449168
_d1449168